00000000nam##2200000za#4500
0019.615511
003CaOODSP
00520200514165627
007ta
008150406|2000||||xxc|||||     f|0| 0 eng|d
020 |a0-662-30021-1
040 |aCaOODSP|beng
043 |an-cn---
0861 |aNH18-23/74E
1102 |aCanada Mortgage and Housing Corporation.
24510|aImplementing sustainable community development : |bcharting a federal role for the 21st century
260 |aOttawa - Ontario : |bCanada Mortgage and Housing Corporation |c2000.
300 |a7p. ; |c28 cm.
4901 |aResearch highlight. Socio-economic series|v74
563 |aPamphlet
590 |a01-09|b2001-03-02
69007|aUrban communities|2gcpds
69007|aCommunity development|2gcpds
77508|tDéveloppement de collectivités durables: élaboration du rôle du gouvernement fédéral pour le 21e siècle |w(CaOODSP)9.625575
7760#|tImplementing sustainable community development : |w(CaOODSP)9.571753
830#0|aResearch highlight. Socio-economic series ;|v74|w(CaOODSP)9.514827
986 |aNHA 60975